| 000 | 00520pam a2200169 a 4500 | ||
|---|---|---|---|
| 001 | 4750039 | ||
| 005 | 20250612133718.0 | ||
| 008 | 850228s1985 txu 000 0ceng | ||
| 020 | _a0849904692 | ||
| 050 | 0 | 0 |
_aBS571 _b.C495 1985 |
| 082 | 0 | 0 |
_a221.9/22 _219 |
| 100 | 1 |
_aClaypool, John R. _q(John Rowan), _d1930-2005. |
|
| 245 | 1 | 0 |
_aGlad reunion : _bmeeting ourselves in the lives of Bible men and women / _cJohn Claypool. |
| 260 |
_aWaco, Tex. : _bWord Books, _cc1985. |
||
| 300 |
_a160 p. ; _c23 cm. |
||
| 942 |
_2lcc _cBK _n0 |
||
| 999 |
_c6431 _d6431 |
||